| Tag |
First Indicator |
Second Indicator |
Subfields |
| LEADER |
00000cam a2200000 a 4500 |
| 001 |
in00002054635 |
| 005 |
20151101180411.0 |
| 008 |
031020s2005 enka 000 1 eng |
| 020 |
|
|
|a 1903517230
|
| 035 |
|
|
|a (OCoLC)ocm53389055
|
| 040 |
|
|
|a UKM
|c UKM
|d C#P
|d UtOrBLW
|
| 041 |
1 |
|
|a eng
|h fre
|
| 043 |
|
|
|a e-be---
|
| 049 |
|
|
|a TXAM
|
| 050 |
|
0 |
|a PQ2388.R413
|b B714 2005
|
| 082 |
0 |
|
|a 843.8
|2 21
|
| 100 |
1 |
|
|a Rodenbach, Georges,
|d 1855-1898.
|
| 240 |
1 |
0 |
|a Bruges-la-Morte.
|l English
|
| 245 |
1 |
0 |
|a Bruges-la-morte and the death throes of towns /
|c [Georges] Rodenbach ; translated by Mike Mitchell and Will Stone ; with an introduction by Alan Hollinghurst.
|
| 264 |
|
1 |
|a Sawtry, U.K. :
|b Dedalus ;
|c 2005.
|
| 264 |
|
2 |
|a Gardena, Calif. :
|b Distributed in the U.S. by SCB Distributors,
|
| 300 |
|
|
|a 166 pages :
|b illustrations ;
|c 20 cm.
|
| 336 |
|
|
|a text
|b txt
|2 rdacontent
|
| 337 |
|
|
|a unmediated
|b n
|2 rdamedia
|
| 338 |
|
|
|a volume
|b nc
|2 rdacarrier
|
| 500 |
|
|
|a Translated from the French.
|
| 650 |
|
0 |
|a Widowers
|v Fiction.
|
| 651 |
|
0 |
|a Bruges (Belgium)
|v Fiction.
|
| 700 |
1 |
|
|a Mitchell, Mike.
|
| 700 |
1 |
|
|a Stone, Will.
|
| 945 |
|
|
|i PromptCat
|
| 947 |
|
|
|a A14831573960
|
| 948 |
|
|
|a cataloged
|b h
|c 2005/6/13
|d c
|e dmitchel
|f 1:40:20 pm
|
| 994 |
|
|
|a 92
|b TXA
|
| 999 |
|
|
|a MARS
|
| 999 |
f |
f |
|s c51d7fec-6d23-3266-b95a-4b2c03a0dd7a
|i be782962-c62a-3c0a-a35b-ffaf217703f5
|t 0
|
| 952 |
f |
f |
|p normal
|a Texas A&M University
|b College Station
|c Sterling C. Evans Library
|d Evans: Library Stacks
|t 0
|e PQ2388.R413 B714 2005
|h Library of Congress classification
|i unmediated -- volume
|m A14831573960
|
| 998 |
f |
f |
|a PQ2388.R413 B714 2005
|t 0
|l Evans: Library Stacks
|